Movies by Main Actors pt. 2 - Statistics

General Stats
  • This quiz has been taken 63 times
  • The average score is 9 of 20
Answer Stats
Hint Answer % Correct
Macaulay Culkin, Joe Pesci, Daniel Stern Home Alone
93%
Chadwick Boseman, Michael B. Jordan Black Panther
76%
Sylvester Stallone, Carl Weathers, Talia Shire Rocky
75%
Dwayne Johnson, Alexandra Daddario, Zac Efron Baywatch
67%
Pat Morita, Ralph Macchio Karate Kid
60%
John Krasinski, Emily Blount A Quiet Place
53%
Bill Skarsgard, Jaeden Martell, Sophia Lillis IT
53%
James Caan, Kathy Bates Misery
53%
Ben Stiller, Chris Rock, David Schwimmer, Jada Pinkett Smith Madagascar
44%
Will Smith, Alice Braga, Charlie Tahan I Am Legend
33%
Nick Cage, Diana Kruger, Justin Bartha National Treasure
33%
Samuel L. Jackson, Tom Hiddleston, Brie Larson, John Goodman Kong: Skull Island
31%
Ice Cube, Kevin Hart Ride Along
31%
Owen Wilson, Larry the Cable Guy Cars
29%
Mark Wahlburg, Charlize Theron, Jason Statham, Ed Norton Italian Job
25%
Heath Ledger, Shannyn Sossamon, Paul Bettany Knight's Tale
25%
Matt Dillon, Ralph Macchio, C. Thomas Howell The Outsiders
25%
Jake Gyllenhaal, Gemma Arteton, Ben Kingsley Prince of Persia
20%
Jason Statham, Li Bingbing The Meg
18%
Vince Vaughn, Paul Giamatti Fred Claus
16%
No matching quizzes found
Score Distribution
Percent of People with Each Score
Percentile by Number Answered
Your Score History
You have not taken this quiz